| 000 | 00673nam a22002057a 4500 | ||
|---|---|---|---|
| 999 |
_c11054 _d11054 |
||
| 003 | AR-CdUCM | ||
| 008 | 190402b ||||| |||| 00| 0 spa d | ||
| 040 |
_aMUNICIPALIDAD PROVINCIAL DEL CUSCO _cBIBLIOTECA MUNICIPAL DEL CUSCO |
||
| 082 |
_a869.813 / _bIB24 / 1950 |
||
| 100 |
_aDe Ibarbourou, Juana _928187 |
||
| 245 | _aPerdida / | ||
| 260 |
_aBuenos Aires : _bLosada, _c1950. |
||
| 300 |
_a116 paginas ; _c21 cm. |
||
| 505 | _aContenido : Tiempo -- El novia -- Elegía por una casa -- Desvelo -- Para la resurrección del canto ... | ||
| 650 |
_aPerdida _928188 |
||
| 650 |
_aLiteratura _983 |
||
| 650 |
_aArgentina _9511 |
||
| 942 |
_2ddc _cLIBROS |
||
| 945 | _arah | ||